Разработка систем менеджмента качества в соответствии с международным стандартом ISO 9001:2015
Настоящее учебное пособие разработано для подготовки бакалавров по направлениям 38.03.01 «Экономика», 43.03.01 «Сервис» и 43.03.02 «Туризм». В нем рассмотрен порядок проведения разработки систем менеджмента качества в соответствии с недавно вышедшим международным стандартом ISO 9001:2015. Проблемой...
Kaydedildi:
| Yazar: | |
|---|---|
| Materyal Türü: | Книга |
| Dil: | Russian |
| Baskı/Yayın Bilgisi: |
Волгоград
Волгоградский ГАУ
2017
|
| Online Erişim: | https://e.lanbook.com/book/100848 https://e.lanbook.com/img/cover/book/100848.jpg |
| Etiketler: |
Etiketle
Etiket eklenmemiş, İlk siz ekleyin!
|
| LEADER | 02522nam0a2200253 i 4500 | ||
|---|---|---|---|
| 001 | 100848 | ||
| 003 | RuSpLAN | ||
| 005 | 20221220174006.0 | ||
| 008 | 221220s2017 ru gs 000 0 rus | ||
| 040 | |a RuSpLAN | ||
| 041 | 0 | |a rus | |
| 044 | |a ru | ||
| 080 | |a 338.24 | ||
| 084 | |a 65.291.21 |2 rubbk | ||
| 245 | 0 | 0 | |a Разработка систем менеджмента качества в соответствии с международным стандартом ISO 9001:2015 |c Дзедик В. А. |
| 260 | |a Волгоград |b Волгоградский ГАУ |c 2017 | ||
| 300 | |a 132 с. | ||
| 504 | |a Библиогр.: доступна в карточке книги, на сайте ЭБС Лань | ||
| 520 | 8 | |a Настоящее учебное пособие разработано для подготовки бакалавров по направлениям 38.03.01 «Экономика», 43.03.01 «Сервис» и 43.03.02 «Туризм». В нем рассмотрен порядок проведения разработки систем менеджмента качества в соответствии с недавно вышедшим международным стандартом ISO 9001:2015. Проблемой объекта исследования является значительно снизившаяся доля формализации требований, в том числе и к документации в названном международном нормативном документе. Целью работы является подробное изучение и описание разработки систем менеджмента качества. В результате сформулированы исчерпывающие рекомендации по разработке систем менеджмента качества с использованием ISO 9001:2015. Данное пособие выгодно отличается от других, которые в подавляющем большинстве опираются на такие устаревшие документы, как ISO 9001:2008. | |
| 521 | 8 | |a Книга из коллекции Волгоградский ГАУ - Экономика и менеджмент | |
| 100 | 1 | |a Дзедик В. А. | |
| 856 | 4 | |u https://e.lanbook.com/book/100848 | |
| 856 | 4 | 8 | |u https://e.lanbook.com/img/cover/book/100848.jpg |
| 953 | |a https://e.lanbook.com/img/cover/book/100848.jpg | ||